Wielkie wyzwanie z hiszpańskiego słownictwa #1 - Statystyki

Ogólne statystyki
  • Ten quiz został rozwiązany 1 116 razy
  • Średni wynik to 10 z 20
Statystyki odpowiedzi
Słowo # Odpowiedź % Poprawnych
Chile 5 Ch{ile}
100%
dziękuję 7 gr{acias}
100%
Meksyk 6 Mé{xico}
100%
herbata 2 t{é}
100%
hotel 5 ho{tel}
97%
co 3 q{ué}
97%
trzy 4 t{res}
97%
dom 4 c{asa}
96%
jeden 3 u{no}
95%
wino 4 v{ino}
95%
pa 5 ad{iós}
94%
Kuba 4 C{uba}
94%
Nikaragua 9 Nic{aragua}
94%
impreza/święto 6 fi{esta}
93%
cześć 4 h{ola}
92%
rok 3 a{ño}
91%
cztery 6 cu{atro}
91%
radio 5 ra{dio}
91%
autobus 7 au{tobús}
90%
pięć 5 ci{nco}
90%
kot 4 g{ato}
90%
czarny 5 ne{gro}
90%
policja 7 po{licía}
90%
słońce 3 s{ol}
90%
przyjaciel 5 am{igo}
89%
biały 6 bl{anco}
89%
centrum 6 ce{ntro}
89%
dobry 5 bu{eno}
88%
zero 4 c{ero}
88%
kometa 6 co{meta}
88%
Hiszpania 6 Es{paña}
88%
wyspa 4 i{sla}
88%
mapa 4 m{apa}
88%
muzyka 6 mú{sica}
88%
siedem 5 si{ete}
88%
Wenezuela 9 Ven{ezuela}
88%
Argentyna 9 Arg{entina}
87%
kwiecień 5 ab{ril}
86%
miłość 4 a{mor}
86%
mleko 5 le{che}
86%
matka 5 ma{dre}
86%
makaron 5 pa{sta}
86%
kurczak 5 po{llo}
86%
kawa 4 c{afé}
85%
czekolada 9 cho{colate}
85%
dużo/bardzo 5 mu{cho}
85%
Paragwaj 8 Pa{raguay}
85%
pan 5 se{ñor}
85%
dziewczyna 5 ch{ica}
84%
kwiat 4 f{lor}
84%
osiem 4 o{cho}
84%
Panama 6 Pa{namá}
84%
różowy 4 r{osa}
84%
pracować 8 tr{abajar}
84%
gdzie 5 dó{nde}
83%
hiszpański 7 es{pañol}
83%
brat 7 he{rmano}
83%
nowy 5 nu{evo}
83%
Peru 4 P{erú}
83%
smok 6 dr{agón}
82%
ojciec 5 pa{dre}
82%
Ekwador 7 Ec{uador}
81%
zdjęcie (obraz) 4 f{oto}
81%
syn 4 h{ijo}
81%
bawić się/grać (w grę, sport) 5 ju{gar}
81%
liczba 6 nú{mero}
81%
plaża 5 pl{aya}
81%
sześć 4 s{eis}
81%
cukier 6 az{úcar}
80%
dwa 3 d{os}
80%
restauracja 11 res{taurante}
80%
stolica 7 ca{pital}
79%
Gwatemala 9 Gua{temala}
79%
chłopiec 4 n{iño}
79%
dziewięć 5 nu{eve}
79%
Polska 7 Po{lonia}
79%
śpiewać 6 ca{ntar}
78%
szczęśliwy 5 fe{liz}
78%
szpital 8 ho{spital}
78%
poniedziałek 5 lu{nes}
78%
dyplom 7 di{ploma}
77%
rozmawiać 6 ha{blar}
77%
siostra 7 he{rmana}
77%
Honduras 8 Ho{nduras}
77%
owad 7 in{secto}
77%
książka 5 li{bro}
77%
sobota 6 sá{bado}
77%
sympatyczny 9 sim{pático}
77%
wujek 3 t{ío}
77%
Boliwia 7 Bo{livia}
76%
czerwiec 5 ju{nio}
76%
księżyc 4 l{una}
76%
świat 5 mu{ndo}
76%
pierwszy 7 pr{imero}
76%
wieczór/późny 5 ta{rde}
76%
czas/pogoda 6 ti{empo}
76%
zwierzę 6 an{imal}
75%
pić 5 be{ber}
75%
dzisiaj 3 h{oy}
75%
muzeum 5 mu{seo}
75%
dziewczynka 4 n{iña}
75%
polski 6 po{laco}
75%
szybki 6 rá{pido}
75%
dziadek 6 ab{uelo}
74%
morze 3 m{ar}
74%
więcej 3 m{ás}
74%
środa 9 mié{rcoles}
74%
spodnie 8 pa{ntalón}
74%
anioł 5 án{gel}
73%
pies 5 pe{rro}
73%
babcia 6 ab{uela}
72%
wybrzeże 5 co{sta}
72%
pieniądze 6 di{nero}
72%
lody 6 he{lado}
72%
chleb 3 p{an}
72%
czerwony 4 r{ojo}
72%
wszyscy/każdy 5 to{dos}
72%
woda 4 a{gua}
71%
niebieski 4 a{zul}
71%
rower 9 bic{icleta}
71%
piwo 7 ce{rveza}
71%
szesnaście 9 die{ciséis}
71%
lipiec 5 ju{lio}
71%
malować 6 pi{ntar}
71%
sól 3 s{al}
71%
zawsze 7 si{empre}
71%
miasto 6 ci{udad}
70%
lubić 6 gu{star}
70%
wolny (jak ptak) 5 li{bre}
70%
film 8 pe{lícula}
70%
święty 5 sa{nto}
70%
ciocia 3 t{ía}
70%
zielony 5 ve{rde}
70%
sztuka (twórczość) 4 a{rte}
69%
dziesięć 4 d{iez}
69%
córka 4 h{ija}
69%
port 6 pu{erto}
69%
tutaj 4 a{quí}
68%
list/mapa/karta do gry 5 ca{rta}
68%
pięćdziesiąt 9 cin{cuenta}
68%
jasny 5 cl{aro}
68%
jeść 5 co{mer}
68%
marzec 5 ma{rzo}
68%
bardzo 3 m{uy}
68%
jedenaście 4 o{nce}
68%
część 5 pa{rte}
68%
ziemniak 6 pa{tata}
68%
ananas 4 p{iña}
68%
Urugwaj 7 Ur{uguay}
68%
żółty 8 am{arillo}
67%
chłopak 5 ch{ico}
67%
kuchnia (pomieszczenie) 6 co{cina}
67%
człowiek/mężczyzna 6 ho{mbre}
67%
litera 5 le{tra}
67%
poranek/jutro 6 ma{ñana}
67%
lekarz 6 mé{dico}
67%
jabłko 7 ma{nzana}
65%
kobieta 5 mu{jer}
65%
ładny 6 bo{nito}
64%
ulica 5 ca{lle}
64%
kino 4 c{ine}
64%
urodziny 10 cum{pleaños}
64%
język (system komunikacji) 6 id{ioma}
64%
nazywać się 8 ll{amarse}
64%
ser 5 qu{eso}
64%
wysoki/wysoko 4 a{lto}
63%
łazienka 4 b{año}
63%
mięso 5 ca{rne}
63%
ogień 5 fu{ego}
63%
maj 4 m{ayo}
63%
papier 5 pa{pel}
63%
kanapka 8 sá{ndwich}
63%
tydzień 6 se{mana}
63%
życie 4 v{ida}
63%
samolot 5 av{ión}
62%
wina 5 cu{lpa}
62%
brązowy 6 ma{rrón}
62%
kropka/punkt 5 pu{nto}
62%
drugi 7 se{gundo}
62%
sok 4 z{umo}
62%
flaga 7 ba{ndera}
61%
Kolumbia 8 Co{lombia}
61%
kiedy/ile 6 cu{ándo}
61%
tysiąc 3 m{il}
61%
inny 4 o{tro}
61%
kuzynka 5 pr{ima}
61%
piętnaście 6 qu{ince}
61%
pomidor 6 to{mate}
61%
stary 5 vi{ejo}
61%
czternaście 7 ca{torce}
60%
posiłek/jedzenie 6 co{mida}
60%
dwanaście 4 d{oce}
60%
słuchać 8 es{cuchar}
60%
słowo 7 pa{labra}
60%
mieć 5 te{ner}
60%
kupować 7 co{mprar}
59%
brać prysznic 8 du{charse}
59%
młody 5 jo{ven}
59%
czytać 4 l{eer}
59%
oko 3 o{jo}
59%
pani 6 se{ñora}
59%
widzieć 3 v{er}
59%
żyć/mieszkać 5 vi{vir}
59%
lis 5 zo{rro}
59%
dobrze 4 b{ien}
58%
spać 6 do{rmir}
58%
pisać 8 es{cribir}
58%
gwiazda 8 es{trella}
58%
lew 4 l{eón}
58%
stopa 3 p{ie}
58%
nisko/niski 4 b{ajo}
57%
śniadanie 8 de{sayuno}
57%
robić 5 ha{cer}
57%
szynka 5 ja{món}
57%
mniej 5 me{nos}
57%
góra 7 mo{ntaña}
57%
nigdy 5 nu{nca}
57%
sześćdziesiąt 7 se{senta}
57%
telefon 8 te{léfono}
57%
sklep 6 ti{enda}
57%
smutny 6 tr{iste}
57%
owoc (do jedzenia) 5 fr{uto}
56%
plac 5 pl{aza}
56%
trzynaście 5 tr{ece}
56%
sierpień 6 ag{osto}
55%
koń 7 ca{ballo}
55%
dawać 3 d{ar}
55%
luty 7 fe{brero}
55%
szalony, zwariowany 4 l{oco}
55%
osiemdziesiąt 7 oc{henta}
55%
wrzesień 10 sep{tiembre}
55%
tylko/dopiero 4 s{ólo}
55%
chory 7 en{fermo}
54%
szkoła 7 es{cuela}
54%
kościół 7 ig{lesia}
54%
wilk 4 l{obo}
54%
ręka 4 m{ano}
54%
rzeka 3 r{ío}
54%
szukać 6 bu{scar}
53%
granica (między obszarami) 8 fr{ontera}
53%
szary 4 g{ris}
53%
patrzeć/oglądać 5 mi{rar}
53%
banan 7 pl{átano}
53%
blisko 5 ce{rca}
52%
jak 4 c{ómo}
52%
dziewiętnaście 10 die{cinueve}
52%
słodki (w smaku) 5 du{lce}
52%
przysługa 5 fa{vor}
52%
zimny 4 f{río}
52%
wojna 6 gu{erra}
52%
stół 4 m{esa}
52%
dziewięćdziesiąt 7 no{venta}
52%
pokój (brak wojny) 3 p{az}
52%
biedny 5 po{bre}
52%
kto 5 qu{ién}
52%
wszystko/cały 4 t{odo}
52%
wakacje 10 vac{aciones}
52%
but (niski, elegancki) 6 za{pato}
52%
broda 5 ba{rba}
50%
grudzień 9 dic{iembre}
50%
osiemnaście 9 die{ciocho}
50%
przykład 7 ej{emplo}
50%
styczeń 5 en{ero}
50%
truskawka 5 fr{esa}
50%
rynek 7 me{rcado}
50%
listopad 9 nov{iembre}
50%
wiosna 9 pri{mavera}
50%
drzwi 6 pu{erta}
50%
dodawać (liczby) 5 su{mar}
50%
pociąg 4 t{ren}
50%
sukienka 7 ve{stido}
50%
głowa 6 ca{beza}
49%
w górę/na górze 6 ar{riba}
48%
piłka 5 ba{lón}
48%
prawo/prawy 7 de{recho}
48%
siedemnaście 10 die{cisiete}
48%
słoń 8 el{efante}
48%
stan/państwo 6 es{tado}
48%
ten/to 4 e{ste}
48%
głód 6 ha{mbre}
48%
zima 8 in{vierno}
48%
lewo/w lewo 9 izq{uierda}
48%
ciemny 6 os{curo}
48%
wiedzieć 5 sa{ber}
48%
nauka 7 ci{encia}
47%
środek (sposób) 5 me{dio}
47%
serce 7 co{razón}
46%
ząb 6 di{ente}
46%
miesiąc 3 m{es}
46%
pływać 5 na{dar}
46%
kraj 4 p{aís}
46%
zegar 5 re{loj}
46%
ziemia 6 ti{erra}
46%
krowa 4 v{aca}
46%
latać 5 vo{lar}
46%
wczoraj 4 a{yer}
45%
usta 4 b{oca}
45%
niebo 5 ci{elo}
45%
dworzec/stacja/pora roku 8 es{tación}
45%
październik 7 oc{tubre}
45%
karta (np. płatnicza, z życzeniami) 7 ta{rjeta}
45%
brać 5 to{mar}
45%
trzydzieści 7 tr{einta}
45%
tam (daleko) 4 a{llí}
44%
butelka 7 bo{tella}
44%
pomarańcza 7 na{ranja}
44%
lato 6 ve{rano}
44%
znać 7 co{nocer}
43%
ludzie 5 ge{nte}
43%
czwartek 6 ju{eves}
43%
kuzyn 5 pr{imo}
43%
grać (na instrumencie) 5 to{car}
43%
kochać 4 a{mar}
42%
samochód 5 co{che}
42%
być (znajdować się, czuć) 5 es{tar}
42%
lampa 7 lá{mpara}
42%
umrzeć 5 mo{rir}
42%
skóra (ludzka) 4 p{iel}
42%
sprzedawać 6 ve{nder}
42%
ktoś 7 al{guien}
41%
torba 5 bo{lsa}
41%
sto 4 c{ien}
41%
czterdzieści 8 cu{arenta}
41%
powiedzieć 5 de{cir}
41%
lód 5 hi{elo}
41%
zły 4 m{alo}
41%
lek 11 med{icamento}
41%
wcześnie/wczesny/szybko 8 te{mprano}
41%
dorosły mężczyzna 6 ad{ulto}
40%
drzewo 5 ár{bol}
40%
bogary 4 r{ico}
40%
siedemdziesiąt 7 se{tenta}
40%
ziarno 5 gr{ano}
39%
deszcz 6 ll{uvia}
39%
czuć (wszystko oprócz zapachu) 6 se{ntir}
39%
powietrze 4 a{ire}
38%
biec 6 co{rrer}
38%
duch 8 fan{tasma}
38%
helikopter 11 hel{icóptero}
38%
masło 11 man{tequilla}
38%
deser 6 po{stre}
38%
chcieć 6 qu{erer}
38%
kłaść się 9 aco{starse}
37%
okulary 5 ga{fas}
37%
ryż 5 ar{roz}
36%
ciepły 8 ca{liente}
36%
lodówka 6 ne{vera}
36%
potrafić 5 po{der}
36%
wieczny 6 et{erno}
35%
jesień 5 ot{oño}
35%
wkrótce 6 pr{onto}
35%
piątek 7 vi{ernes}
35%
komputer 9 ord{enador}
34%
pszczoła 5 ab{eja}
33%
droga, ścieżka 6 ca{mino}
33%
piosenka 7 ca{nción}
33%
świnia 5 ce{rdo}
33%
jezioro 4 l{ago}
33%
wstać 10 lev{antarse}
33%
maszyna 7 má{quina}
33%
wtorek 6 ma{rtes}
33%
nos 5 na{riz}
33%
papryka 8 pi{miento}
33%
dwadzieścia 6 ve{inte}
33%
fioletowy 7 vi{oleta}
33%
dywan 8 al{fombra}
32%
twarz 4 c{ara}
32%
zamek (budowla) 8 ca{stillo}
32%
ciało 6 cu{erpo}
32%
palec (u ręki lub nogi) 4 d{edo}
32%
miejsce/miejscowość 5 lu{gar}
32%
mało 4 p{oco}
32%
rysować (ołówkiem, kredkami) 7 di{bujar}
31%
światło 3 l{uz}
31%
niedźwiedź 3 o{so}
31%
okno 7 ve{ntana}
31%
marchewka 9 zan{ahoria}
31%
brzydki 3 f{eo}
30%
mysz 5 ra{tón}
30%
krzesło 5 si{lla}
30%
pająk 5 ar{aña}
29%
łóżko 4 c{ama}
29%
lustro 6 es{pejo}
29%
wolny (nie szybki) 5 le{nto}
29%
ryba (pływająca) 3 p{ez}
29%
wiatr 6 vi{ento}
29%
dorosła kobieta 6 ad{ulta}
28%
coś 4 a{lgo}
28%
pragnienie (napoju) 3 s{ed}
28%
ciasto (gotowe) 5 to{rta}
28%
piasek 5 ar{ena}
27%
szafa 7 ar{mario}
27%
pieprz 8 pi{mienta}
27%
zdrowy 4 s{ano}
27%
sufit 5 te{cho}
27%
raz 3 v{ez}
27%
włosy na głowie 7 ca{bello}
26%
gotować 7 co{cinar}
26%
daleko 5 le{jos}
26%
język (w buzi) 6 le{ngua}
26%
wąż 9 ser{piente}
26%
długopis 9 bol{ígrafo}
25%
las 6 bo{sque}
25%
koło (kształt) 7 cí{rculo}
25%
kwadrat 8 cu{adrado}
25%
obraz (oprawiony) 6 cu{adro}
25%
krzyczeć 6 gr{itar}
25%
śnieg 5 ni{eve}
25%
dodawać (ale nie liczby) 6 añ{adir}
24%
plecy 7 es{palda}
24%
kość 5 hu{eso}
24%
plecak 7 mo{chila}
24%
słyszeć 3 o{ír}
24%
ucho 5 or{eja}
24%
podłoga 4 p{iso}
24%
pióro 5 pl{uma}
24%
radosny, wesoły 6 al{egre}
23%
ślimak 7 ca{racol}
23%
mgła 6 ni{ebla}
23%
spacerować 6 pa{sear}
23%
w dół/na dole 5 ab{ajo}
22%
wąsy 6 bi{gote}
22%
nóż 8 cu{chillo}
22%
gołąb 6 pa{loma}
22%
dostawać 7 re{cibir}
22%
wierzyć 5 cr{eer}
21%
schody/drabina 8 es{calera}
21%
kłamać 6 me{ntir}
21%
dziki 7 sa{lvaje}
21%
klucz 5 cl{ave}
20%
brak 5 fa{lta}
20%
umywalka 6 la{vabo}
20%
słodki (z wyglądu) 5 li{ndo}
20%
nienawidzić 5 od{iar}
20%
ptak 6 pá{jaro}
20%
zatrzymać się 5 pa{rar}
20%
ślub + wesele 4 b{oda}
19%
łódź 4 b{ote}
19%
ilość 8 ca{ntidad}
19%
naszyjnik 6 co{llar}
19%
usiąść 8 se{ntarse}
19%
żołnierz 7 so{ldado}
19%
widelec 7 te{nedor}
19%
skarpetka 8 ca{lcetín}
18%
cmentarz 10 cem{enterio}
18%
rolnik 8 gr{anjero}
18%
(być) może 5 qu{izá}
18%
cień 6 so{mbra}
18%
wojsko 8 ej{ército}
17%
interesować się 11 int{eresarse}
17%
owca 5 ov{eja}
17%
ściana 5 pa{red}
17%
burza 8 to{rmenta}
17%
odważny 8 va{liente}
17%
liść 4 h{oja}
16%
łyżka 7 cu{chara}
15%
trawa 6 hi{erba}
15%
pomarańczowy 10 ana{ranjado}
14%
portfel 7 ca{rtera}
14%
mucha 5 mo{sca}
14%
tchórzliwy 7 co{barde}
13%
głośny 6 fu{erte}
13%
suchy 4 s{eco}
13%
powinien (bezokolicznik) 5 de{ber}
12%
noga 6 pi{erna}
12%
pukać 7 go{lpear}
11%
burmistrz 7 al{calde}
10%
kostka (np. do gry) 4 d{ado}
10%
Bóg 4 D{ios}
10%
mrówka 7 ho{rmiga}
10%
piekarnik 5 ho{rno}
10%
orzech 4 n{uez}
10%
brzeg 6 or{illa}
10%
cichy 10 sil{encioso}
10%
cukierek 8 ca{ramelo}
9%
jeleń 6 ci{ervo}
9%
zaleta/korzyść 7 ve{ntaja}
9%
machać 6 ag{itar}
8%
pierścień 6 an{illo}
8%
szyja 6 cu{ello}
8%
kula 6 es{fera}
8%
robak 6 gu{sano}
8%
rzadko 9 rar{emente}
8%
zasługa 6 mé{rito}
7%
jeszcze 7 to{davía}
7%
chmura 4 n{ube}
6%
kamień 6 pi{edra}
6%
but (wysoki) 7 ca{lzado}
5%
łąka 5 pr{ado}
5%
kurtka 8 ca{zadora}
4%
żwir 5 gr{ava}
4%
strach, obawa 5 te{mor}
4%
brzuch 7 vi{entre}
4%
niedziela 7 do{mingo}
0%
często 14 frec{uentemente}
0%
mokry 6 mo{jado}
0%
część/sztuka (egzemplarz) 5 pi{eza}
0%
znak 5 se{ñal}
0%
późno 6 ta{rdío}
0%
leżeć (np. w grobie) 5 ya{cer}
0%
Nie znaleziono quizów pasujących do podanych kryteriów
Rozkład punktacji
Procent ludzi z każdym wynikiem
Percentyl według liczby udzielonych odpowiedzi
Twoja historia wyników
Nie rozwiązałeś tego quizu